00903nam a2200229 a 450000100060000000300080000600500170001400800410003102000150007202000180008703500190010504000270012404100130015108200220016410000560018624502110024226000430045330000300049665100500052665100480057665100490062464411BD-RjUL20211209081315.0170214s1988 ru af 000 0 eng d a5010017946 a9785010017941 a(BD-RjUL)64541 aMSAcMSAdBD-RjULbeng1 aenghrus04a947223bMIB 19881 aMikhaĭlov, N. N.q(Nikolaĭ Nikolaevich),d1905-12aA book about Russia :bin the union of equals : descriptions, impressions, the memorable /cNikolai Mikhailov ; [translated from the Russian by Glenys Kozlov ; the Russian text edited by Marina Mikhailova]. aMoscow :bProgress Publishers,cc1988. a254 p. :bill . ;c25 cm. 0aRussia (Federation) xDescription and travel. 0aSoviet UnionxDescription and travely1970- 0aRussia (Federation)xDescription and travel.